| 000 | 00854nam a2200241Ia 4500 | ||
|---|---|---|---|
| 001 | 5331 | ||
| 003 | GE_BSU | ||
| 008 | 181216s||||||||xx |||||||||||||| ||und|| | ||
| 040 | _cGE_BSU | ||
| 080 | _a517.37(075.8)+517.52(075.8) | ||
| 100 | _aБудак, Б.М;.Фомин,С.В. | ||
| 245 | _aКратные интегралы и ряды | ||
| 245 | _bУчебник для физичкских. и физ.-мат фак-ов ун-тов | ||
| 245 | _cПод ред. А.Н. Тихонова. В.А.Илина. А.г. Свешникова | ||
| 250 | _aвып 2 | ||
| 260 | _aМосква | ||
| 260 | _bНаука | ||
| 260 | _c1965 | ||
| 300 | _a607 с. 22 см. | ||
| 300 | _eКурс высшей математики и математичеслой физике | ||
| 653 | _aКратные интегралы и ряды | ||
| 942 | _cBK | ||
| 999 |
_c38912 _d38912 |
||